banner koha

Allelopathic potential of ethanolic extract and phytochemical analysis of Paspalum maritimum trind (Registro n. 9469)

MARC details
000 -LÍDER
fixed length control field 03570nab a2200301 i 4500
003 - CÓDIGO MARC DA AGÊNCIA CATALOGADORA
Campo de controle BR-BrBNA
005 - DATA E HORA DA ÚLTIMA ATUALIZAÇÃO
Campo de controle 20230908081434.0
008 - CAMPO DE TAMANHO FIXO
fixed length control field 230626b2019 bl.ar|pooa||| 00| 0 eng |
040 ## - FONTE DA CATALOGAÇÃO
Agência catalogadora BR-BrBNA
Idioma da catalogação eng
072 ## - CATEGORIA AGRIS
Código AGRIS H60
072 ## - CATEGORIA AGRIS
Código AGRIS F60
100 ## - ENTRADA PRINCIPAL - NOME PESSOAL
Nome pessoal Pereira, J.C.
100 ## - ENTRADA PRINCIPAL - NOME PESSOAL
Nome pessoal Paulino, C.L.A.
100 ## - ENTRADA PRINCIPAL - NOME PESSOAL
Nome pessoal Endres, L.
100 ## - ENTRADA PRINCIPAL - NOME PESSOAL
Nome pessoal Santana, A.E.G.
100 ## - ENTRADA PRINCIPAL - NOME PESSOAL
Nome pessoal Pereira, F.R.S.
100 ## - ENTRADA PRINCIPAL - NOME PESSOAL
Nome pessoal Souza, R.C.
245 ## - TÍTULO PRINCIPAL
Título principal Allelopathic potential of ethanolic extract and phytochemical analysis of Paspalum maritimum trind
500 ## - NOTA GERAL
Nota geral Publicação on-line; 42 ref.; 4 tables; 4 illus.; Summaries (En, Pt)
942 ## - ADDED ENTRY ELEMENTS (KOHA)
Koha item type
520 ## - NOTA DE RESUMO
Nota de conteúdo <br/><br/>ABSTRACT - Allelopathy is defined as the ability of certain plants and<br/>microorganisms to interfere with the metabolism of other species through substances<br/>released into the environment, being an alternative to control weeds and diseases.<br/>In this context, this study aimed to evaluate the allelopathic potential and identify<br/>groups of secondary metabolites of Paspalum maritimum Trind. The species<br/>Lactuca sativa, Digitaria insularis, Emilia coccinea, and Portulaca oleracea were<br/>used as recipient plants. The ethanolic extract was obtained from shoot and root of<br/>donor species to evaluate the allelopathic potential. Potentially allelopathic effects<br/>were evaluated by means of germination tests, germination speed index, and initial<br/>seedling growth. A phytochemical analysis of the extract was also performed to<br/>identify the secondary metabolites. The ethanolic extract from both plant parts had<br/>an allelopathic effect on recipient species. The presence of condensed tannins,<br/>chalcones and aurones, flavonones, steroids, and saponins were detected in the<br/>most active fraction of the shoot of P. maritimum.<br/><br/>Keywords: allelopathy, ginger grass, secondary metabolites.
520 ## - NOTA DE RESUMO
Nota de conteúdo <br/><br/>RESUMO - Alelopatia é definida como a capacidade que determinadas plantas e<br/>microrganismos têm de interferir no metabolismo de outras espécies, por meio de<br/>substâncias liberadas no ambiente, podendo ser uma alternativa de combate às<br/>plantas daninhas e doenças. Nesse contexto, este estudo teve por objetivos avaliar<br/>o potencial alelopático e identificar os grupos de metabólitos secundários de<br/>Paspalum maritimum Trind. As espécies Lactuca sativa, Digitaria insularis, Emilia<br/>coccinea e Portulaca oleracea foram utilizadas como plantas receptoras. Para<br/>avaliar o potencial alelopático, foram obtidos o extrato etanólico da parte aérea<br/>e radicular da espécie doadora. Os efeitos potencialmente alelopáticos foram<br/>avaliados por meio de testes de germinação, índice de velocidade de germinação<br/>e crescimento inicial de plântulas. Foi realizada também a análise fitoquímica do<br/>extrato, para identificar os metabólitos secundários. O extrato etanólico, de ambas<br/>as partes da planta, causaram efeito alelopático nas espécies receptoras. Foi<br/>detectada, na fração mais ativa da parte aérea de P. maritimum, a presença de<br/>taninos condensados, chalconas e auronas, flavononas, esteroides e saponinas.<br/><br/>Palavras-chave: alelopatia, capim-gengibre, metabólitos secundários.
650 ## - ASSUNTO - THESAGRO
Cabeçalho tópico ou nome geográfico ALELOPATIA
650 ## - ASSUNTO - THESAGRO
Cabeçalho tópico ou nome geográfico CAPIM GENGIBRE
773 0# - ENTRADA ANALÍTICA
Host Biblionumber 886
Registro do item 1816
Imprenta Londrina-PR : Sociedade Brasileira da Ciência das Plantas Daninhas, 1978
Outro identificador 2023-031023
Título Planta Daninha (Brazil)
ISSN 0100-8358; 1806-9681 (on-line)
Colação v. 37 p. 1-12; (2019)
Número de controle de registro BR2023000451
856 ## - ACESSO E ENDEREÇO ELETRÔNICO
Identificador uniforme de recurso - URI https://www.scielo.br/j/pd/a/jFKWgWsxRDkpqc8xgXbmsKN/?format=pdf&lang=en

Nenhum exemplar disponível.

BINAGRI

Telefone: (61)3218-2567/2388/3357/2097 - binagri@agro.gov.br

Ministério da Agricultura e Pecuária , Esplanada dos Ministérios, Bloco D, Anexo B, Brasília/DF, CEP: 70.043-900